Etika v podnikaní bakalárska práca

Na minha lista:
Detalhes bibliográficos
Autor principal: Michálková, Monika
Autor Corporativo: Obchodná fakulta EU. Katedra marketingu
Outros Autores: Šveda, Lukáš
Formato: Livro
Idioma:eslovaco
Publicado em: Bratislava 2013
Tags: Adicionar Tag
Sem tags, seja o primeiro a adicionar uma tag!

MARC

LEADER 00000nbm a2200000 4500
001 0171260
005 20161109112026.7
041 0 |a slo 
044 |a SK 
245 1 0 |a Etika v podnikaní  |b bakalárska práca  |c Monika Michálková ; školiteľ: Lukáš Šveda 
264 1 |a Bratislava  |c 2013 
300 |a 46 s. 
100 1 |a Michálková, Monika 
700 1 |a Šveda, Lukáš 
710 2 |a Obchodná fakulta EU. Katedra marketingu